|
|
|
|
| LEADER |
00803nab a2200229 i 4500 |
| 001 |
misc64488 |
| 005 |
20230503105625.0 |
| 008 |
230206s1982 hu o 0|| eng d |
| 040 |
|
|
|a SZTE Miscellanea Repozitórium
|b hun
|
| 041 |
|
|
|a eng
|
| 100 |
2 |
|
|a Róna-Tas András
|
| 245 |
1 |
0 |
|a Loan-words of ultimate middle Mongolian origin in Chuvash
|h [elektronikus dokumentum] /
|c Róna-Tas András
|
| 260 |
|
|
|c 1982
|
| 300 |
|
|
|a 66-134
|c 21 cm
|
| 300 |
|
|
|a [69] p.
|c 21 cm
|
| 490 |
0 |
|
|a Studies in Chuvash etymology
|
| 561 |
|
|
|a Németh Gyula hagyaték
|
| 591 |
|
|
|a NOA 5120
|
| 650 |
|
4 |
|a Bölcsészettudományok
|
| 650 |
|
4 |
|a Nyelvek és irodalom
|
| 695 |
|
|
|a Csuvas nyelv - mongol jövevényszavak, Csuvas nyelv - etimológia
|
| 856 |
4 |
0 |
|u http://misc.bibl.u-szeged.hu/64488/1/5120_noa.pdf
|z Dokumentum-elérés
|